|
|
|
|
| LEADER |
00000caa a22000002c 4500 |
| 001 |
1536408018 |
| 003 |
DE-627 |
| 005 |
20220604112634.0 |
| 007 |
tu |
| 008 |
160405s2006 xx ||||| 00| ||ger c |
| 020 |
|
|
|a 9783897103474
|
| 035 |
|
|
|a (DE-627)1536408018
|
| 035 |
|
|
|a (DE-576)466408013
|
| 035 |
|
|
|a (DE-599)BSZ466408013
|
| 040 |
|
|
|a DE-627
|b ger
|c DE-627
|e rakwb
|
| 041 |
|
|
|a ger
|
| 084 |
|
|
|a 1
|2 ssgn
|
| 100 |
1 |
|
|0 (DE-588)124118690
|0 (DE-627)085649724
|0 (DE-576)163186847
|4 aut
|a Stemberger, Günter
|d 1940-
|
| 109 |
|
|
|a Stemberger, Günter 1940-
|a Stemberger, G. 1940-
|a Shutenberugā, G. 1940-
|
| 245 |
1 |
4 |
|a Die Frage nach einem "mainstream Judaism" in der Spätzeit des Zweiten Tempels
|
| 264 |
|
1 |
|c 2006
|
| 336 |
|
|
|a Text
|b txt
|2 rdacontent
|
| 337 |
|
|
|a ohne Hilfsmittel zu benutzen
|b n
|2 rdamedia
|
| 338 |
|
|
|a Band
|b nc
|2 rdacarrier
|
| 601 |
|
|
|a Mainstream
|
| 601 |
|
|
|a Spätzeit
|
| 650 |
0 |
7 |
|0 (DE-588)4071487-1
|0 (DE-627)106097563
|0 (DE-576)209184124
|a Frühjudentum
|2 gnd
|
| 652 |
|
|
|a HD
|
| 773 |
0 |
8 |
|i In
|t Qumran - Bibelwissenschaften - antike Judaistik
|d Paderborn : Bonifatius, 2006
|g (2006), Seite 101-118
|h 119 S.
|w (DE-627)503785164
|w (DE-576)258300787
|z 9783897103474
|z 3897103478
|7 nnam
|
| 773 |
1 |
8 |
|g year:2006
|g pages:101-118
|
| 935 |
|
|
|a mteo
|a BIIN
|
| 951 |
|
|
|a AR
|
| BIB |
|
|
|a 1
|
| ELC |
|
|
|b 1
|
| ITA |
|
|
|a 1
|t 1
|
| LOK |
|
|
|0 000 xxxxxcx a22 zn 4500
|
| LOK |
|
|
|0 001 2915751196
|
| LOK |
|
|
|0 003 DE-627
|
| LOK |
|
|
|0 004 1536408018
|
| LOK |
|
|
|0 005 20160405143434
|
| LOK |
|
|
|0 008 160404||||||||||||||||ger|||||||
|
| LOK |
|
|
|0 040
|a DE-Tue135
|c DE-627
|d DE-Tue135
|
| LOK |
|
|
|0 092
|o n
|
| LOK |
|
|
|0 852
|a DE-Tue135
|
| LOK |
|
|
|0 852 1
|9 00
|
| LOK |
|
|
|0 935
|a ixko
|a ixmi
|
| LOK |
|
|
|0 939
|a 04-04-16
|b l01
|
| LOK |
|
|
|0 000 xxxxxcx a22 zn 4500
|
| LOK |
|
|
|0 001 3059472572
|
| LOK |
|
|
|0 003 DE-627
|
| LOK |
|
|
|0 004 1536408018
|
| LOK |
|
|
|0 005 20190311211856
|
| LOK |
|
|
|0 008 190311||||||||||||||||ger|||||||
|
| LOK |
|
|
|0 035
|a (DE-Tue135-1)169593
|
| LOK |
|
|
|0 040
|a DE-Tue135-1
|c DE-627
|d DE-Tue135-1
|
| LOK |
|
|
|0 852
|a DE-Tue135-1
|
| LOK |
|
|
|0 852 1
|c FTHNT058614/SRG
|m p
|9 00
|
| LOK |
|
|
|0 852 2
|b Y 27
|9 00
|
| LOK |
|
|
|0 935
|a iSWA
|
| LOK |
|
|
|0 936ln
|0 1442044160
|a HD
|
| LOK |
|
|
|0 938
|k p
|
| LOK |
|
|
|0 939
|a 11-03-19
|b l12
|
| ORI |
|
|
|a SA-MARC-ixtheoa001.raw
|
| STA |
0 |
0 |
|a Early Judaism,Intertestamental Judaism
|
| STB |
0 |
0 |
|a Judaïsme primitif
|
| STC |
0 |
0 |
|a Judaísmo primitivo
|
| STD |
0 |
0 |
|a Giudaismo ellenistico,Giudaismo (II secolo a.C. -II secolo d.C.),Medio-giudaismo,Giudaismo,Medio-giudaismo
|
| STE |
0 |
0 |
|a 早期犹太教
|
| STF |
0 |
0 |
|a 早期猶太教
|
| STG |
0 |
0 |
|a Judaísmo primitivo
|
| STH |
0 |
0 |
|a Ранний иудаизм
|
| STI |
0 |
0 |
|a Πρώιμος Ιουδαϊσμός
|
| SUB |
|
|
|a BIB
|
| SYE |
0 |
0 |
|a Spätjudentum
|